| 000 | 00840cam a22002412 4500 | ||
|---|---|---|---|
| 001 | 0000012106 | ||
| 005 | 20151217145855.0 | ||
| 008 | 090203s xx 000 0 eng d | ||
| 020 | _a0495382232 : | ||
| 040 |
_aKABU _cKABU |
||
| 100 | 1 |
_aDevore, Jay L. _@0000168304 |
|
| 245 | 1 | 0 |
_aProbability and statistics for engineering and the sciences / _cJay L. Devore. |
| 250 | _a7th ed. | ||
| 260 |
_aBelmont, CA. : _bThomson Higher Education, _c2008. |
||
| 300 | _axvi, 720 p. | ||
| 500 | _aWith Gossary of Symbols/Abbreviations for chapters 1-16. | ||
| 650 | 0 |
_aProbabilities. _@0000154769 |
|
| 650 | 0 |
_aMathematical statistics. _@0000148196 |
|
| 852 | 1 | _9p2484.87 KES | |
| 852 | 1 | _9p2484.87 KES | |
| 908 | _a090203 | ||
| 950 | _@1 | ||
| 999 |
_c3550 _d3550 |
||